Sports Quiz

Random Sports Quiz

Test runs in calender year Quiz Stats

 Plays Quiz not verified by Sporcle

Challenge
Share
Tweet
Embed
Score 0/21 Timer 08:00
0 Plays Today
Year Bastmen % Correct
2005Ricky Ponting
74.5%
2003Ricky Ponting
74.5%
2006Ricky Ponting
74.5%
1976Vivian Richards
68.1%
2002Sachin Tendulkar
63.8%
2008Mohammad Yousuf
59.6%
2008Graeme Smith
59.6%
2003Brian Lara
57.4%
2002Rahul Dravid
51.1%
2004Justin Langer
44.7%
2002Michael Vaughan
42.6%
Year Bastmen % Correct
2006Kevin Pietersen
38.3%
2008Virender Sehwag
27.7%
1979Sunil Gavaskar
25.5%
2005Marcus Trescothick
25.5%
2004Damien Martyn
12.8%
2001Mathew Hayden
8.5%
2005Mathew Hayden
8.5%
1974Dennis Amiss
4.3%
1979Gundappa Viswanath
2.1%
1964Bob Simpson
2.1%

You're not logged in!

Compare scores with friends on all Sporcle quizzes.
Join for Free
OR
Log In

You Might Also Like...

Show Comments

Extras

Created Dec 24, 2009ReportNominate
Tags:batsmen, calender, run, score, test

Top Quizzes Today


Score Distribution

Your Account Isn't Verified!

In order to create a playlist on Sporcle, you need to verify the email address you used during registration. Go to your Sporcle Settings to finish the process.

Report this User

Report this user for behavior that violates our Community Guidelines.

Details: